000 00307nam a22001337a 4500
008 180807b xxu||||| |||| 00| 0 eng d
082 _a813.52
245 _aMedical transcription interactive
_cGREEN. D
260 _c2000
300 _a1
_fCD
440 _x0130179655
760 _b2 nd
942 _2ddc
_cMX
999 _c46885
_d46885